Vida nueva: Una palabra comprometida en la iglesia (Registro nro. 49440)
[ vista simple ]
| 000 -LÍDER | |
|---|---|
| Campo fijo de descripción fija | 00518nas a2200193Ia 4500 |
| 001 - NÚMERO DE CONTROL | |
| Campo de control | 128 |
| 008 - ELEMENTOS DE LONGITUD FIJA -- INFORMACIÓN GENERAL | |
| Campo fijo de descripción fija -- Información general | 151030s9999 xx 000 0 und d |
| 041 0# - CÓDIGO DE IDIOMA | |
| Código de idioma para texto/pista de sonido o título separado | |
| 245 10 - TÍTULO | |
| Título del Material | Vida nueva: Una palabra comprometida en la iglesia |
| 260 ## - PUBLICACIÓN, DISTRIBUCIÓN, ETC. (PIE DE IMPRENTA) | |
| Lugar de publicación, distribución, etc. | Colombia : Delfín Ltda. |
| 541 ## - NOTA DE FUENTE INMEDIATA DE ADQUISICIÓN | |
| Purchase price | 0 |
| 591 ## - | |
| -- | FALSO |
| 592 ## - | |
| -- | Milton Acosta (Pablo Moreno) |
| 942 ## - TIPO DE MATERIAL (KOHA) | |
| Tipo de Item KOHA | Revistas y Fascículos |
| Estado de Material | Estado de Perdido | Estado de Dañado | No para Préstamo | Colección | Biblioteca de Origen | Biblioteca Permanente | Fecha de Adquisición | Total de Préstamos | Signatura Topográfica | Código de Barras | Última vez visto | Ejemplar/Existencia | Fecha de Remplazo | Tipo de Material |
|---|---|---|---|---|---|---|---|---|---|---|---|---|---|---|
| Colección de Hemeroteca | Biblioteca FUSBC | Biblioteca FUSBC | 13/07/2012 | R1919 | 26/01/2016 | 26/01/2016 | Revistas y Fascículos | |||||||
| Colección de Hemeroteca | Biblioteca FUSBC | Biblioteca FUSBC | 03/07/2013 | R1920 | 26/01/2016 | 26/01/2016 | Revistas y Fascículos |
